[Event "Titled Tuesday intern op 27th Oct"]
[Site "Chess.com INT"]
[Date "2020.10.27"]
[Round "7"]
[White "De Borba, Guilherme"]
[Black "Sakorenko, Adriana"]
[Result "0-1"]
[WhiteElo "2279"]
[BlackElo "2216"]
[PlyCount "92"]
[EventDate "2020.10.27"]
[EventType "swiss (blitz)"]
[EventRounds "11"]
[EventCountry "USA"]
[SourceTitle "CBM 199 Extra"]
[Source "ChessBase"]
[SourceDate "2021.01.31"]
[SourceVersion "1"]
[SourceVersionDate "2021.01.31"]
[SourceQuality "1"]

1. d4 d5 2. c4 e6 3. Nc3 Nf6 4. cxd5 exd5 5. Bg5 c6 6. e3 Bd6 7. Bd3 0-0 8. Qc2 h6 9. Bh4 a5 10. Nge2 Na6 11. a3 Re8 12. 0-0 Bxh2+ 13. Kxh2 Ng4+ 14. Kg3 g5 15. Rh1 gxh4+ 16. Rxh4 Nxe3 17. fxe3 Qg5+ 18. Kh2 Qxh4+ 19. Kg1 Rxe3 20. Rf1 Be6 21. Qd2 Qg5 22. Nf4 Rg3 23. Qf2 Kh8 24. Nce2 Rg4 25. Nxe6 fxe6 26. Nf4 Rxf4 27. Qxf4 Qxf4 28. Rxf4 Kg7 29. Rg4+ Kf7 30. Bg6+ Kf6 31. Bd3 Rh8 32. Rg6+ Kf7 33. Rg3 Nc7 34. Be2 Ke7 35. Rb3 b5 36. Re3 Kd6 37. Bg4 Rg8 38. Bh3 Rg6 39. Kf2 c5 40. dxc5+ Kxc5 41. Ke2 d4 42. Re5+ Kd6 43. Rh5 Nd5 44. Rh4 e5 45. Kd3 Nf6 46. g4 Kd5 0-1

[Event "Titled Tuesday intern op 06th Oct"]
[Site "Chess.com INT"]
[Date "2020.10.06"]
[Round "1"]
[White "Sakorenko, Adriana"]
[Black "Scherbinin, Kirill"]
[Result "1-0"]
[WhiteElo "2216"]
[BlackElo "2168"]
[PlyCount "121"]
[EventDate "2020.10.06"]
[EventType "swiss (blitz)"]
[EventRounds "10"]
[EventCountry "USA"]
[SourceTitle "CBM 198 Extra"]
[Source "ChessBase"]
[SourceDate "2020.11.30"]
[SourceVersion "1"]
[SourceVersionDate "2020.11.30"]
[SourceQuality "1"]

1. Nf3 d5 2. e3 c6 3. c4 Nf6 4. Nc3 Bg4 5. cxd5 cxd5 6. Qb3 Qb6 7. Nxd5 Qxb3 8. Nxf6+ gxf6 9. axb3 Nc6 10. Bb5 Bd7 11. d4 e6 12. 0-0 a6 13. Bd2 Bd6 14. Bd3 Ke7 15. e4 Rac8 16. Bc3 Rhg8 17. Rfe1 h5 18. Nd2 Nb4 19. Bb1 Nc6 20. Nc4 Bc7 21. d5 Ne5 22. Bb4+ Ke8 23. f4 Nxc4 24. bxc4 Bxf4 25. b3 Be5 26. Ra2 h4 27. h3 Rg3 28. Bc2 Bc3 29. Bxc3 Rxc3 30. Bd1 Ke7 31. Rd2 Rg8 32. Kh2 b6 33. Rf1 Rg6 34. Rf4 Rh6 35. Rdf2 a5 36. e5 Rc1 37. exf6+ Kd6 38. Bf3 e5 39. Re4 Rc3 40. Rfe2 Rxb3 41. Rxe5 a4 42. Re7 a3 43. Rxf7 Rb2 44. Re3 a2 45. Ra3 Bf5 46. Raa7 Ke5 47. Rf8 Kf4 48. f7 Rg6 49. Rg8 Rf6 50. f8Q Rxf8 51. Rxf8 Ke5 52. Re8+ Kd4 53. Rd8 Bb1 54. d6 Rc2 55. d7 Rxc4 56. Re8 Kc3 57. d8Q Kb2 58. Re2+ Rc2 59. Qh8+ Kc1 60. Rxc2+ Kxc2 61. Qd8 1-0